000 01002nam a2200241Ia 4500
003 OSt
005 20220923213723.0
006 a|||||r|||| 00| 0
007 ta
008 220922b |||||||| |||| 00| 0 hin d
024 _a164,201
037 _cTextual
040 _aARTS
_cARTS
_bhin
041 _2hin
_ahin
082 _aO152,1M89,18:g, K8
100 _aआर्य, वैदज्ञ
_9156291
245 0 _aकामायनी की पारिभाषिक शब्दाबली* दार्शनिक मनोवैज्ञानिक, सांस्कृतिक एवं साहित्यिक व्याख्या,
246 _aKāmāyanī kī pāribhāṣhik shabdābalī: dārshanik hinovaijnyānika, sāanskṛutik evan sāhityik vyākhyā,
260 _c1968
650 _aहिन्दी साहित्य
_9156264
942 _hO152,1M89,18:g, K8
_cTEXL
_2CC
999 _c318681
_d318681